MARC

LEADER 00000nam0a2200000 4500
001 11833
005 20231101204808.0
010 |a 5713701050 
035 |a (RuTPU)RU\TPU\book\11907 
035 |a BOOK00011973 
090 |a 11833 
100 |a 20011209d1998 k y0rusy50 ca 
101 0 |a rus 
102 |a RU 
105 |a y z 000zy 
200 1 |a Из истории земли Томской. Год 1937...  |e Сборник документов и материалов  |f Государственный архив Томской области; сост. А. А. Бондаренко, В. И. Марков, Б. П. Тренин 
210 |a Томск  |d 1998 
215 |a 382 с. 
606 1 |a Томская область  |x История  |2 stltpush  |3 (RuTPU)RU\TPU\subj\67227  |9 83110 
610 1 |a Сибирь 
610 1 |a Западная Сибирь 
610 1 |a Томск 
610 1 |a 20 век 
610 1 |a документы 
610 1 |a политические репрессии 
610 1 |a материалы 
610 1 |a Коллекция История ТПУ 
686 |a Т3(253.3-4Том)  |v LBC/SL-A  |2 rubbk 
702 1 |a Бондаренко  |b А. А.  |4 220 
702 1 |a Марков  |b В. И.  |4 220 
702 1 |a Тренин  |b Б. П.  |4 220 
712 0 2 |a Государственный архив Томской области  |2 stltpush  |3 (RuTPU)RU\TPU\col\126  |9 23209 
801 0 |a RU  |b 63413507  |c 20011209  |g PSBO 
801 2 |a RU  |b 63413507  |c 20210127  |g PSBO 
942 |c BK